[Event "Burgos Intercajas"]
[Site "Burgos"]
[Date "2011.10.25"]
[Round "3.4"]
[White "Acebal Muniz, Antonio"]
[Black "Eceiza Mendizabal, Jokin"]
[Result "1-0"]
[WhiteElo "2134"]
[BlackElo "2000"]
[PlyCount "59"]
[EventDate "2011.10.23"]
[EventType "swiss"]
[EventRounds "6"]
[EventCountry "ESP"]
[SourceTitle "EXT 2024"]
[Source "ChessBase"]
[SourceDate "2023.10.10"]
[SourceVersion "1"]
[SourceVersionDate "2023.10.10"]
[SourceQuality "1"]
[WhiteTeam "Cajastur"]
[BlackTeam "KUTXA"]
[WhiteTeamCountry "ESP"]
[BlackTeamCountry "ESP"]

1. Nf3 Nf6 2. c4 g6 3. Nc3 c5 4. e4 d6 5. d4 cxd4 6. Nxd4 Nc6 7. Be2 Bg7 8. Be3 0-0 9. 0-0 a6 10. f3 Bd7 11. Qd2 Rc8 12. Rac1 Qa5 13. Rfd1 Nxd4 14. Bxd4 Bc6 15. Nd5 Qd8 16. Nxf6+ Bxf6 17. Bxf6 exf6 18. Qxd6 Qb6+ 19. Qd4 Qxd4+ 20. Rxd4 Rfd8 21. Rxd8+ Rxd8 22. Rd1 Rxd1+ 23. Bxd1 b5 24. cxb5 axb5 25. Kf2 Kf8 26. Ke3 Ke7 27. Kd4 Kd6 28. Bb3 Be8 29. Bd5 h5 30. h4 1-0